Modern Nepal : (Record no. 136512)
[ view plain ]
| 000 -LEADER | |
|---|---|
| fixed length control field | 00695nam a2200217 4500 |
| 010 ## - LIBRARY OF CONGRESS CONTROL NUMBER | |
| LC control number | A-409706 |
| 020 ## - INTERNATIONAL STANDARD BOOK NUMBER | |
| International Standard Book Number | 8185425027 |
| 035 ## - SYSTEM CONTROL NUMBER | |
| System control number | A-409706 |
| 037 ## - SOURCE OF ACQUISITION | |
| Source of stock number/acquisition | Cen Lib / Ret |
| 040 ## - CATALOGING SOURCE | |
| Original cataloging agency | DPL |
| Language of cataloging | EN |
| 082 ## - DEWEY DECIMAL CLASSIFICATION NUMBER | |
| Classification number | 954.61 |
| Item number | SHA |
| 100 ## - MAIN ENTRY--PERSONAL NAME | |
| Personal name | Shaha, Rishikesh |
| 245 ## - TITLE STATEMENT | |
| Title | Modern Nepal : |
| Remainder of title | a political history, 1769-1955 / |
| Statement of responsibility, etc | by Rishikesh Shaha |
| 260 ## - PUBLICATION, DISTRIBUTION, ETC. (IMPRINT) | |
| Place of publication, distribution, etc | New Delhi |
| Name of publisher, distributor, etc | Manohar Publications |
| Date of publication, distribution, etc | 1990 |
| 270 ## - ADDRESS | |
| Address | 2/6 Ansari Road Daryajang |
| City | New Delhi |
| Postal code | 110015 |
| 300 ## - PHYSICAL DESCRIPTION | |
| Extent | (v 1. 318 ; v 2364p) |
| Other physical details | 24cm(Hb) |
| 505 ## - FORMATTED CONTENTS NOTE | |
| Formatted contents note | v 1. 1969-1885 ; v 2. 1885-1955 |
| 650 ## - SUBJECT ADDED ENTRY--TOPICAL TERM | |
| Topical term or geographic name as entry element | Nepal -- Politics and government. |
| 650 ## - SUBJECT ADDED ENTRY--TOPICAL TERM | |
| Topical term or geographic name as entry element | Politics and government |
| 942 ## - ADDED ENTRY ELEMENTS (KOHA) | |
| Source of classification or shelving scheme | Dewey Decimal Classification |
| Koha item type | English Books |
| Classification part | 954.61 |
| Call number suffix | SHA |
| Withdrawn status | Lost status | Materials specified (bound volume or other part) | Damaged status | Not for loan | Collection code | Home library | Current library | Date acquired | Source of acquisition | Total Checkouts | Full call number | Barcode | Date last seen | Price effective from | Koha item type | Copy number |
|---|---|---|---|---|---|---|---|---|---|---|---|---|---|---|---|---|
| v 1 | Not For Loan | Reference | Central Library | Central Library | 03/03/2016 | Cen Lib/Ret | 954.61 SHA | A-409706 | 03/03/2016 | 03/03/2016 | English Books | |||||
| v 2 | Not For Loan | Reference | Central Library | Central Library | 15/03/2016 | Cen Lib/Ret | 954.61 SHA | A-409708 | 15/03/2016 | 15/03/2016 | English Books | 1 |
